Language Quiz

Random Language or Letter Quiz

3 Words, Same 4 Letters Quiz Stats

Quiz Updated Oct 9, 2014

Challenge
Share
Tweet
Embed
Score 0/64 Timer 05:00
0 Plays Today
% Correct
mode
97.9%
code
97.4%
shoe
96.9%
shop
95.8%
loop
94.2%
hear
91.8%
paws
90.2%
read
90%
lame
89.9%
pool
89.7%
wolf
89.6%
drab
89.3%
race
89.2%
cars
88%
came
86.3%
mace
85.2%
lake
84.8%
scar
84.3%
brag
84%
lane
84%
dues
83.8%
tugs
83.1%
laws
82.3%
slot
81.3%
slip
80.4%
mats
80.4%
dome
79.4%
does
79.1%
slaw
78.8%
gory
78.7%
stew
78.1%
meal
78%
% Correct
grab
77.9%
flow
77.6%
hops
76.8%
leak
75.3%
dear
73.8%
lean
73.4%
wasp
73%
pane
72.6%
rite
72.4%
same
72.2%
bard
71.4%
hare
68.9%
sway
68.4%
hose
66.6%
wean
66.2%
ways
66%
seam
62%
tire
61.8%
gust
59.7%
lips
58.5%
acre
56%
nape
55.5%
mast
53.3%
coed
53.3%
used
50.3%
west
50.2%
abut
46.7%
dose
45.6%
lost
45%
tuba
43.9%
anew
42.9%
gyro
32.4%

You're not logged in!

Compare scores with friends on all Sporcle quizzes.
Sign Up with Email
OR
Log In

You Might Also Like...

Show Comments

Extras

Top Quizzes Today


Score Distribution

Your Account Isn't Verified!

In order to create a playlist on Sporcle, you need to verify the email address you used during registration. Go to your Sporcle Settings to finish the process.

Report this User

Report this user for behavior that violates our Community Guidelines.

Details: